| 000 | 01046nam a2200301 a 4500 | ||
|---|---|---|---|
| 003 | OSt | ||
| 005 | 20231113115902.0 | ||
| 008 | |||
| 020 | _a9780323393089 (hardback) | ||
| 040 |
_aNUST _cNUST _beng _dNUST _erda |
||
| 049 | _aMAIN | ||
| 050 | _aRC756 PUL | ||
| 245 | 1 | 0 |
_aPulmonary pathology / _cedited by Dani S Zander & Carol F Farver. |
| 250 | _aSecond edition. | ||
| 260 |
_aPhiladelphia, PA : _bElsevier, _c2018. |
||
| 300 |
_axiv, 759 pages : _billustrations (chiefly colour) ; _c29 cm. |
||
| 336 |
_atext _btxt _2rdacontent |
||
| 337 |
_aunmediated _bn _2rdamedia |
||
| 338 |
_avolume _bnc _2rdacarrier |
||
| 490 | _aFoundations in diagnostic pathology. | ||
| 504 | _aIncludes bibliographical references and index. | ||
| 650 | 1 |
_aLungs _xDiseases _vDiagnosis. |
|
| 650 |
_aLungs _xPathophysiology. |
||
| 650 |
_aPleura _xDiseases _vDiagnosis. |
||
| 700 |
_aZander, Dani S., _aEditor. |
||
| 700 |
_aFarver, Carol F., _aEditor. |
||
| 942 |
_cBOOKS _kRC _mPUL _2lcc _eSecond edition. _hRC756 _n0 |
||
| 999 |
_c120542 _d120542 |
||